[Event "Teteven op 32nd"]
[Site "Teteven"]
[Date "2018.08.16"]
[Round "6"]
[White "Stojanov, Alexandar"]
[Black "Mladenov, Emil"]
[Result "1-0"]
[WhiteElo "2142"]
[BlackElo "2028"]
[PlyCount "65"]
[EventDate "2018.08.11"]
[EventType "swiss"]
[EventRounds "9"]
[EventCountry "BUL"]
[SourceTitle "CBM 186 Extra"]
[Source "ChessBase"]
[SourceDate "2018.08.24"]
[SourceVersion "1"]
[SourceVersionDate "2018.08.24"]
[SourceQuality "1"]

1. d4 d6 2. e4 g6 3. Nc3 Bg7 4. Bc4 Nc6 5. Be3 e5 6. dxe5 Nxe5 7. Bd4 Nh6 8. f4 Bg4 9. Be2 c5 10. Bf2 Bxe2 11. Ngxe2 Neg4 12. Bg1 0-0 13. h3 Bxc3+ 14. Nxc3 Qh4+ 15. Kf1 Nf6 16. Qf3 Nh5 17. Ne2 f5 18. Bf2 Qf6 19. g4 Qxb2 20. Kg2 Ng7 21. exf5 gxf5 22. Rhc1 fxg4 23. hxg4 b6 24. Rh1 Nf7 25. Qd3 h6 26. g5 h5 27. Rhb1 c4 28. Qg6 Qa3 29. Bd4 Ne5 30. Qe4 Ng4 31. Qd5+ Kh7 32. g6+ Kh8 33. Qxh5+ 1-0

[Event "Teteven op 32nd"]
[Site "Teteven"]
[Date "2018.08.14"]
[Round "4"]
[White "Stojanov, Alexandar"]
[Black "Nikolov, Sasho"]
[Result "0-1"]
[WhiteElo "2142"]
[BlackElo "2309"]
[PlyCount "74"]
[EventDate "2018.08.11"]
[EventType "swiss"]
[EventRounds "9"]
[EventCountry "BUL"]
[SourceTitle "CBM 186 Extra"]
[Source "ChessBase"]
[SourceDate "2018.08.24"]
[SourceVersion "1"]
[SourceVersionDate "2018.08.24"]
[SourceQuality "1"]

1. d4 Nf6 2. Bg5 Ne4 3. Bf4 c5 4. f3 Qa5+ 5. c3 Nf6 6. Nd2 cxd4 7. Nb3 Qb6 8. Qxd4 Nc6 9. Qxb6 axb6 10. e4 d5 11. Bc7 dxe4 12. Bxb6 e5 13. Bc4 Be7 14. Ne2 0-0 15. Ng3 exf3 16. gxf3 Bh3 17. Rg1 Rfc8 18. Bd3 Nd5 19. Bf2 Nf4 20. Be4 Be6 21. Bf5 Bxf5 22. Nxf5 g6 23. Nxe7+ Nxe7 24. Kd2 Ra6 25. Rgd1 Nh3 26. Bc5 Nf5 27. Ke2 Re6 28. Rd7 b6 29. Be3 Rc4 30. Nd2 Rh4 31. Nf1 e4 32. Re1 Nxe3 33. Nxe3 Nf4+ 34. Kf1 Rxh2 35. fxe4 Rxe4 36. Rd4 Rxd4 37. cxd4 Rh1+ 0-1

[Event "Teteven op 31st"]
[Site "Teteven"]
[Date "2016.08.19"]
[Round "7"]
[White "Stojanov, Alexandar"]
[Black "Nikolov, Petko"]
[Result "1-0"]
[WhiteElo "2121"]
[BlackElo "1855"]
[PlyCount "87"]
[EventDate "2016.08.13"]
[EventType "swiss"]
[EventRounds "9"]
[EventCountry "BUL"]
[SourceTitle "CBM 173 Extra"]
[Source "ChessBase"]
[SourceDate "2016.08.29"]
[SourceVersion "1"]
[SourceVersionDate "2016.08.29"]
[SourceQuality "1"]

1. e4 d6 2. d4 Nf6 3. Nc3 Nbd7 4. Nf3 e5 5. Bc4 Be7 6. 0-0 c6 7. a4 h6 8. a5 Qc7 9. dxe5 dxe5 10. Nh4 Nc5 11. Qf3 g6 12. Qg3 g5 13. Nf5 Ncxe4 14. Nxe4 Nxe4 15. Qf3 Nd6 16. Nxd6+ Bxd6 17. Qf6 Rf8 18. Qxh6 f6 19. Qg6+ Kd8 20. Rd1 Qe7 21. Bxg5 Kc7 22. Bh6 Qe8 23. Qd3 Be7 24. Bxf8 Bxf8 25. Qh7+ Be7 26. Rd3 Bg4 27. Rg3 Bd7 28. Rg8 Bf8 29. Rd1 Rd8 30. Rxf8 Qxf8 31. Be6 Qe8 32. Rxd7+ Rxd7 33. Qxd7+ Qxd7 34. Bxd7 Kxd7 35. f3 Ke6 36. Kf2 b5 37. Ke3 Kd5 38. g4 Ke6 39. Ke4 Ke7 40. b4 Ke6 41. h4 Ke7 42. Kf5 Kf7 43. a6 Kg7 44. g5 1-0

[Event "Teteven op 29th"]
[Site "Teteven"]
[Date "2014.08.14"]
[Round "6"]
[White "Stojanov, Alexandar"]
[Black "Arnaudov, Petar G"]
[Result "1/2-1/2"]
[WhiteElo "2129"]
[BlackElo "2074"]
[PlyCount "29"]
[EventDate "2014.08.09"]
[EventType "swiss"]
[EventRounds "9"]
[EventCountry "BUL"]
[SourceTitle "CBM 162 Extra"]
[Source "ChessBase"]
[SourceDate "2014.10.17"]
[SourceVersion "1"]
[SourceVersionDate "2014.10.17"]
[SourceQuality "1"]

1. e4 d6 2. d4 Nf6 3. Nc3 a6 4. Bc4 b5 5. Bb3 e6 6. e5 dxe5 7. Qf3 e4 8. Nxe4 Ra7 9. Be3 Nd5 10. a4 b4 11. Bg5 Be7 12. Bxe7 Qxe7 13. a5 0-0 14. Ne2 Bd7 15. 0-0 1/2-1/2

[Event "Sofia Nikolov Memorial 1st"]
[Site "Sofia"]
[Date "2011.03.04"]
[Round "2"]
[White "Stojanov, Alexandar"]
[Black "Sabotinov, Ventsislav"]
[Result "1-0"]
[WhiteElo "2115"]
[BlackElo "1634"]
[PlyCount "53"]
[EventDate "2011.03.03"]
[EventType "swiss"]
[EventRounds "7"]
[EventCountry "BUL"]
[SourceTitle "CBM 141 Extra"]
[Source "ChessBase"]
[SourceDate "2011.05.03"]
[SourceVersion "1"]
[SourceVersionDate "2011.05.03"]
[SourceQuality "1"]

1. c4 c5 2. Nf3 d6 3. d4 cxd4 4. Nxd4 g6 5. g3 Bg7 6. Bg2 Qb6 7. Nb3 Be6 8. Qc2 Nd7 9. Be3 Qc7 10. N1d2 Rc8 11. Rc1 b6 12. Nd4 Ngf6 13. Nxe6 fxe6 14. Bh3 Kf7 15. Nf3 h6 16. Nd4 Nf8 17. 0-0 g5 18. Qa4 a5 19. Qb3 g4 20. Bg2 N6d7 21. f3 gxf3 22. Rxf3+ Ke8 23. Qb5 Qc5 24. Nf5 Qxb5 25. Nxg7+ Kd8 26. cxb5 Rxc1+ 27. Bf1 1-0

[Event "Bansko op"]
[Site "Bansko"]
[Date "2010.12.16"]
[Round "5"]
[White "Stojanov, Alexandar"]
[Black "Hristov, Kaloyan Vihrenov"]
[Result "1/2-1/2"]
[WhiteElo "2148"]
[BlackElo "1608"]
[PlyCount "82"]
[EventDate "2010.12.13"]
[EventType "swiss"]
[EventRounds "9"]
[EventCountry "BUL"]
[SourceTitle "CBM 139 Extra"]
[Source "ChessBase"]
[SourceDate "2011.01.05"]
[SourceVersion "1"]
[SourceVersionDate "2011.01.05"]
[SourceQuality "1"]

1. e4 c5 2. d4 cxd4 3. c3 d3 4. c4 d6 5. Bxd3 Nf6 6. Nc3 g6 7. Nge2 Bg7 8. f3 0-0 9. Be3 Nc6 10. 0-0 Bd7 11. b3 Ne5 12. Rc1 Qa5 13. Bb1 Bc6 14. Qd2 Rfe8 15. Rfd1 Rac8 16. Qe1 Ned7 17. Qf2 a6 18. Nd4 Nc5 19. Nxc6 Rxc6 20. Nd5 Nxd5 21. cxd5 Rcc8 22. Rc4 Nd7 23. Rdc1 Rxc4 24. Rxc4 Rb8 25. b4 Qd8 26. Rc1 Rc8 27. Rxc8 Qxc8 28. Qc2 Qxc2 29. Bxc2 Bc3 30. Ba4 b5 31. Bd1 Bxb4 32. a4 Bc5 33. Kf2 b4 34. a5 Bxe3+ 35. Kxe3 Nc5 36. Kd4 Kg7 37. Kc4 b3 38. Bxb3 Nxb3 39. Kxb3 e5 40. dxe6 fxe6 41. Kc4 Kf6 1/2-1/2

[Event "Plovdiv Tringov Memorial"]
[Site "Plovdiv"]
[Date "2009.02.05"]
[Round "7"]
[White "Georgiev, Krum"]
[Black "Stojanov, Alexandar"]
[Result "1-0"]
[WhiteElo "2465"]
[BlackElo "2099"]
[PlyCount "95"]
[EventDate "2009.02.01"]
[EventType "swiss"]
[EventRounds "9"]
[EventCountry "BUL"]
[SourceTitle "CBM 128 Extra"]
[Source "ChessBase"]
[SourceDate "2009.03.05"]
[SourceVersion "2"]
[SourceVersionDate "2009.03.25"]
[SourceQuality "1"]

1. e4 d6 2. d4 Nf6 3. Nc3 g6 4. Be3 c6 5. f3 b5 6. Qd2 Nbd7 7. h4 Nb6 8. g4 h5 9. g5 Nfd7 10. f4 b4 11. Nd1 d5 12. f5 dxe4 13. fxg6 fxg6 14. Bg2 Qc7 15. Bxe4 Rg8 16. Qxb4 Ba6 17. Qc3 Bc4 18. Nf2 e6 19. Nf3 Bd6 20. Nd2 Bd5 21. Qd3 Ke7 22. c4 Bxe4 23. Ndxe4 Bf4 24. b3 a5 25. Ke2 Rgf8 26. a4 Rad8 27. Qc3 Rf5 28. Raf1 Rdf8 29. Nh3 Bxe3 30. Qxe3 Rxf1 31. Rxf1 Qh2+ 32. Rf2 Rxf2+ 33. Nexf2 e5 34. dxe5 Qxe5 35. Nd3 Qxe3+ 36. Kxe3 Nc8 37. Nhf4 Kf7 38. Kd4 Nd6 39. Ne5+ Nxe5 40. Kxe5 Nf5 41. Nxh5 Nxh4 42. Nf4 Nf3+ 43. Kd6 Nxg5 44. Kxc6 Nf3 45. c5 Nd4+ 46. Kd7 g5 47. Nd3 g4 48. c6 1-0

[Event "Plovdiv Tringov Memorial"]
[Site "Plovdiv"]
[Date "2009.02.02"]
[Round "2"]
[White "Stojanov, Alexandar"]
[Black "Rusev, Krasimir"]
[Result "0-1"]
[WhiteElo "2099"]
[BlackElo "2546"]
[PlyCount "56"]
[EventDate "2009.02.01"]
[EventType "swiss"]
[EventRounds "9"]
[EventCountry "BUL"]
[SourceTitle "CBM 128 Extra"]
[Source "ChessBase"]
[SourceDate "2009.03.05"]
[SourceVersion "2"]
[SourceVersionDate "2009.03.25"]
[SourceQuality "1"]

1. e4 c5 2. c3 d5 3. Bb5+ Bd7 4. Bxd7+ Qxd7 5. d3 Nc6 6. Nf3 e6 7. Qe2 Nge7 8. 0-0 Ng6 9. Re1 Be7 10. e5 0-0 11. a4 h6 12. g3 f6 13. exf6 Rxf6 14. h4 Raf8 15. h5 Rxf3 16. hxg6 e5 17. Nd2 Rxf2 18. Qxf2 Rxf2 19. Kxf2 Qf5+ 20. Kg2 Qxd3 21. c4 dxc4 22. Ne4 Nd4 23. Re3 Qc2+ 24. Bd2 Bg5 25. Rc1 Qxb2 26. Rxc4 Bxe3 27. Rxc5 Nc6 28. Rb5 Qc2 0-1

[Event "Teteven op 23rd"]
[Site "Teteven"]
[Date "2008.08.18"]
[Round "4"]
[White "Stojanov, Alexandar"]
[Black "Arnaudov, Petar"]
[Result "1/2-1/2"]
[WhiteElo "2079"]
[BlackElo "2171"]
[PlyCount "46"]
[EventDate "2008.08.16"]
[EventType "swiss"]
[EventRounds "9"]
[EventCountry "BUL"]
[SourceTitle "CBM 126 Extra"]
[Source "ChessBase"]
[SourceDate "2008.11.05"]
[SourceVersion "1"]
[SourceVersionDate "2008.11.05"]
[SourceQuality "1"]

1. e4 d6 2. d4 Nf6 3. Nc3 c6 4. f4 Qa5 5. Bd3 Bg4 6. Nge2 e5 7. dxe5 dxe5 8. h3 Bxe2 9. Qxe2 Nbd7 10. Bd2 Bb4 11. a3 exf4 12. 0-0-0 Bxc3 13. Bxc3 Qh5 14. Qf2 Qg5 15. Bd2 Nh5 16. Be2 Ng3 17. Rhe1 Qc5 18. Qxf4 Nxe2+ 19. Rxe2 Qc4 20. Re3 0-0-0 21. Ba5 Nb6 22. Red3 Rxd3 23. Rxd3 Re8 1/2-1/2

[Event "Baharov Memorial op 12th"]
[Site "Sofia"]
[Date "2004.12.20"]
[Round "6"]
[White "Arnaudov, Petar"]
[Black "Stojanov, Alexandar"]
[Result "1-0"]
[WhiteElo "2227"]
[BlackElo "2102"]
[PlyCount "45"]
[EventDate "2004.12.17"]
[EventType "swiss"]
[EventRounds "7"]
[EventCountry "BUL"]
[SourceTitle "CBM 104 Extra"]
[Source "ChessBase"]
[SourceDate "2005.03.01"]
[SourceVersion "1"]
[SourceVersionDate "2005.03.01"]
[SourceQuality "1"]

1. c4 c5 2. Nc3 e6 3. e4 d6 4. Nge2 b6 5. g3 Bb7 6. Bg2 a6 7. 0-0 Qc7 8. f4 Nf6 9. d3 Nc6 10. f5 Be7 11. h3 exf5 12. Rxf5 0-0 13. Be3 Ne5 14. Qd2 Bc6 15. Raf1 b5 16. b3 Rab8 17. g4 a5 18. Nf4 g6 19. Rxf6 Bxf6 20. Nfd5 Nf3+ 21. Rxf3 Bxc3 22. Qxc3 Bxd5 23. Bh6 1-0

[Event "Sofia Hemus op 19th"]
[Site "Sofia"]
[Date "2004.11.28"]
[Round "4"]
[White "Stojanov, Alexandar"]
[Black "Metev, Martin"]
[Result "0-1"]
[WhiteElo "2050"]
[BlackElo "2155"]
[PlyCount "76"]
[EventDate "2004.11.27"]
[EventType "swiss"]
[EventRounds "6"]
[EventCountry "BUL"]
[SourceTitle "CBM 103 Extra"]
[Source "ChessBase"]
[SourceDate "2005.01.01"]
[SourceVersion "1"]
[SourceVersionDate "2005.01.01"]
[SourceQuality "1"]

1. e4 e5 2. Nf3 Nc6 3. d4 exd4 4. c3 dxc3 5. Nxc3 d6 6. Bc4 Be6 7. Bxe6 fxe6 8. Qb3 Qd7 9. Qxb7 Rb8 10. Qa6 Nf6 11. 0-0 Be7 12. e5 dxe5 13. Rd1 Bd6 14. Bg5 Nd5 15. Nxd5 exd5 16. Rxd5 0-0 17. Qc4 Kh8 18. Rc1 Rxf3 19. Qxc6 Qxc6 20. Rxc6 Rff8 21. b3 Rb6 22. Rxb6 axb6 23. Be3 Rb8 24. Kf1 Kg8 25. Ke2 Kf7 26. Kd3 Ke6 27. Ke4 c6 28. Rd1 Rb7 29. a4 g6 30. g4 Bc5 31. Rd8 Bxe3 32. fxe3 b5 33. a5 Ra7 34. b4 c5 35. bxc5 Rxa5 36. Rd6+ Ke7 37. Kxe5 b4 38. Kd5 Ra1 0-1

[Event "Teteven op"]
[Site "Teteven"]
[Date "2004.08.27"]
[Round "4"]
[White "Stojanov, Alexandar"]
[Black "Stoinev, Metodi"]
[Result "0-1"]
[WhiteElo "2113"]
[BlackElo "2296"]
[PlyCount "92"]
[EventDate "2004.08.25"]
[EventType "swiss"]
[EventRounds "9"]
[EventCountry "BUL"]
[SourceTitle "CBM 102 Extra"]
[Source "ChessBase"]
[SourceDate "2004.11.03"]
[SourceVersion "1"]
[SourceVersionDate "2004.11.03"]
[SourceQuality "1"]

1. e4 e5 2. Nf3 Nc6 3. d4 exd4 4. c3 d5 5. exd5 Qxd5 6. cxd4 Bb4+ 7. Nc3 Bg4 8. Be2 Bxf3 9. Bxf3 Qc4 10. Bxc6+ bxc6 11. Qe2+ Qxe2+ 12. Kxe2 0-0-0 13. Be3 Ne7 14. Rac1 Rhe8 15. Rhd1 Ba5 16. Kf3 Bb6 17. Rd2 Rd7 18. Rcd1 Red8 19. g4 Ba5 20. Ke2 Nd5 21. Rd3 Bxc3 22. bxc3 Nb6 23. c4 Nxc4 24. Rc3 Nb6 25. Rxc6 Nd5 26. Rb1 Rd6 27. Rxd6 Rxd6 28. Rb3 Ra6 29. a3 Rb6 30. Rxb6 cxb6 31. Bd2 Kd7 32. Kd3 Kc6 33. h3 Nf6 34. g5 Ne8 35. Bc3 Kd5 36. a4 a5 37. Bd2 Nc7 38. f3 g6 39. Bf4 Ne6 40. Be3 Nc7 41. Bf4 Na6 42. Kc3 Nb4 43. Be3 Nc6 44. Bf2 Na7 45. Bg3 b5 46. Bb8 Nc6 0-1